000
00295nam a22001337a 4500
008
171013b xxu||||| |||| 00| 0 eng d
020
_a
9780773053564
041
_a
eng
080
_a
316
100
_a
51
101
_a
SOC
245
_a
CONTRAVERSIES IN SOCIOLOGY
_c
HALE, S.M
942
_2
udc
_c
BK
999
_c
33791
_d
33791